Desarrollo de una aplicación web para consultar información de las principales labores agropecuarias en base a los ciclos productivos del país (APPINTA)
El presente trabajo Monográfico tiene como propósito diseñar, desarrollar e implementar una aplicación una aplicación web que ayude al instituto Nicaragüense de tecnología Agropecuaria a realizar de una manera eficiente a recopilar las principales labores o prácticas agrícolas además de la...
| Main Author: | |
|---|---|
| Other Authors: | |
| Format: | Tesis Section = Libro |
| Language: | Undetermined Spanish |
| Published: |
Managua, Nicaragua
UNI
2018
|
| Subjects: |
| LEADER | 01329nam a2200277Ia 4500 | ||
|---|---|---|---|
| 008 | 240830s9999 xx 000 0 und d | ||
| 040 | |a BIBLIOTECA-RUSB/ Mon 005.1 C149 | ||
| 041 | |a spa | ||
| 082 | |a Mon 005.1 C149 | ||
| 100 | 1 | |a Calero Obando, Alberto Alexander | |
| 245 | 1 | 0 | |a Desarrollo de una aplicación web para consultar información de las principales labores agropecuarias en base a los ciclos productivos del país (APPINTA) |
| 260 | |a Managua, Nicaragua |b UNI |c 2018 | ||
| 300 | |a 119 p. :il. | ||
| 500 | |a Contiene: CD. | ||
| 502 | |a Tesis (Ingeniero en Computación) - UNI, 2018. | ||
| 520 | 3 | |a El presente trabajo Monográfico tiene como propósito diseñar, desarrollar e implementar una aplicación una aplicación web que ayude al instituto Nicaragüense de tecnología Agropecuaria a realizar de una manera eficiente a recopilar las principales labores o prácticas agrícolas además de las tecnologías, rubros, cultivos y etapas de las mismas. | |
| 650 | 7 | |a APLICACIÓN WEB | |
| 650 | 7 | |b DESARROLLO DE PROGRAMA PARA COMPUTADORA | |
| 650 | 7 | |c INGENIERÍA DE HARDWARE Y SOFTWARE | |
| 650 | 7 | |d ARQUITECTURA DE SOFTWARE | |
| 650 | 7 | |e INTERFACES DE USUARIOS | |
| 650 | 7 | |f SITIO WEB | |
| 700 | 1 | |a Tutor: |b Chávez Mairena, Luis Eduardo | |
| 942 | |c BK |2 ddc | ||
| 991 | |a TESIS | ||
| 999 | |c 19668 | ||